The core of Japanese democracy (Record no. 85055)
[ view plain ]
| 000 -LEADER | |
|---|---|
| fixed length control field | 01729nam a2200373Ia 4500 |
| 082 04 - DEWEY DECIMAL CLASSIFICATION NUMBER | |
| Classification number | 320.952 |
| 100 1# - MAIN ENTRY--AUTHOR NAME | |
| Personal name | Kuroda, Yasumasa, |
| 245 14 - TITLE STATEMENT | |
| Title | The core of Japanese democracy |
| 260 ## - PUBLICATION, DISTRIBUTION, ETC. (IMPRINT) | |
| Place of publication | New York : |
| Name of publisher | Palgrave Macmillan, |
| Year of publication | 2005. |
| 300 ## - PHYSICAL DESCRIPTION | |
| Number of Pages | xiv, 254 p. |
| 505 0# - FORMATTED CONTENTS NOTE | |
| Formatted contents note | 1. Introduction : dissimulation, enigma, formalist, prismatic society to bilayer theory -- 2. The bilayer theory -- 3. Japanese politics in bilayer perspective -- 4. The history of IPRC politics : 1890-1993 -- 5. The origin and nature of the bilayer structure -- 6. The core of Japanese democracy -- 7. Conclusion : summary and implications. |
| 650 #0 - SUBJECT ADDED ENTRY--TOPICAL TERM | |
| Topical Term | Legislators |
| Topical Term | Negotiation |
| Topical Term | Democracy |
| Topical Term | Political parties |
| 856 40 - ELECTRONIC LOCATION AND ACCESS | |
| Uniform Resource Identifier | http://site.ebrary.com/lib/rucke/Doc?id=10135402 |
No items available.
